000 01691nam0a22003371 4500
001 rc\4152533
005 20260407140933.0
021 _aRU
_b[49-23878]
035 _a(NLR Aleph) 008170907
090 _a7853923
_c7853923
100 _a20130415d1949 |||y0rusy50 ca
101 0 _arus
102 _aRU
105 _aa z |||||
200 1 _aСельскохозяйственные мелиорации в нечерноземной полосе
_fМ-во сельского хозяйства РСФСР. Сев. науч.-исслед. ин-т гидротехники и мелиорации
210 _a[Ленинград]
_cЛениздат
_d1949
_gТип. им. Володарского
215 _a320 с.
_cил.
_d20
300 _aНа 5-й с. авт.: Н.С. Губарь, Х.А. Писарьков, Б.Г. Гейтман [и др.]
606 _aГидромелиоративные работы
_2psbo
606 _aСельскохозяйственные мелиоративные мероприятия
_xНечерноземная полоса СССР
_2psbo
606 _aАгромелиоративные работы
_2psbo
701 1 _aПисарьков
_bХ.А.
701 1 _aГубарь
_bН.С.
_gНиколай Сергеевич
701 1 _aГейтман
_bБ. Г.
_cканд. с.-х. наук
_f1897-
_gБорис Генрихович
_9226559
_3RU\NLR\AUTH\770226615
712 0 2 _aСеверный НИИ гидротехники и мелиорации
_cЛенинград
_3RU\NLR\AUTH\8810008401
_9514540
801 0 _aRU
_bNLR
_gpsbo
801 1 _aRU
_bELAR
_2rusmarc
852 _aNLR
_jС14 Г-3/40
942 _cBOOK
980 _aNB